NISPEZ predstavuje Knovel

Podrobná bibliografia
Hlavný autor: Sakalová, Marta, 1951- (Autor)
Médium: Článok
Jazyk:slovenčina
Fyzický popis:Obr.
ISSN:1335-793X
Predmet:
On-line prístup:www.ctvisr.sk/itlib

MARC

LEADER 00000nab a2200000 ar4500
001 vtls010120567
003 SK-MaSNL
005 20260304155032.0
008 250507c2010 xo qr|p||| |000 b|slo
015 |a SNBRB2010/08 
035 |a (uuid)ee5039f9-a1ff-4a18-ab86-14bcdc6d33a3 
035 |a urn:nbn:sk:snk-abf5to 
035 |a (urnnbn)urn:nbn:sk:snk:ar-a09pni 
038 |a SPK 
040 |a SNKBUCL  |b slo  |c SNKBUCL  |e AACR2 
041 0 |a slo  |b slo 
044 |a xo  |c SK 
072 7 |a 004.8  |x Umelá inteligencia  |2 konspekt 
080 |a 004.8  |2 2001 
080 |a 004.652  |2 2001 
100 1 |a Sakalová, Marta,  |d 1951-  |4 aut  |9 37878 
245 1 0 |a NISPEZ predstavuje  |b Knovel  |c Marta Sakalová 
300 |b Obr. 
610 2 7 |a Knovel (databáza)  |2 spk  |9 1480328 
650 0 7 |a elektronické zdroje  |2 snkbucl  |9 68867 
650 0 7 |a databázy  |2 snkbucl  |9 885 
773 0 |t IT lib : informačné technológie a knižnice  |g Roč. [14], č. 2 (2010), s. 17-21  |x 1335-793X 
850 |a Slovenská národná knižnica 
852 |a Slovenská národná knižnica 
856 4 1 |u www.ctvisr.sk/itlib 
954 |a odborná, vedecká literatúra pôvodná (slovenská)  |2 lita 
958 |a article27 
958 |a OND 
958 |a EUIPO 
999 |c 2960474  |d 2962404